000 01151nam a22002537a 4500
003 PE SENCICO BE
005 20251020182642.0
008 230922b |||||||| |||| 00| 0 eng d
040 _aPE SENCICO BE
_cPE SENCICO BE
041 _aspa
084 _aI
_aLAB
_a2017
_bV61
100 1 _91596
_aVidaurre Calle, Jose Giancarlo
_eautor
245 1 _aPartículas chatas y alargadas, caras fracturadas y equivalente de arena /
_cJose Giancarlo Vidaurre Calle
260 _aLima :
_c2017
300 _a66 hojas :
_bilustraciones a color, diagramas, tablas ;
_c30 cm.
502 _aMonografía de Titulación.-- Servicio Nacional de Capacitación para la Industria de la Construcción. Escuela Superior Técnica. Carrera Profesional Técnica en Laboratorio de Suelos, Concreto y Asfalto, 2017.
650 1 0 _91257
_aAgregados (Materiales de construcción)
650 2 0 _91263
_aLaboratorio de ensayo de materiales
650 2 0 _91578
_aPiedras de construcción
650 2 0 _91592
_aArena
710 1 _aServicio Nacional de Capacitación para la Industria de la Construcción.
_bEscuela Superior Técnica
_91065
910 _bhfp
_chfp
942 _cMON
_2ddc
999 _c4324
_d4324